000 00311nam a22001337a 4500
020 _a978-93-5316-714-1
041 _aENG
100 _aSharma A
245 _aHow to Prepare for Data Interpretation
260 _aNew Delhi
_bMC Graw Hill
_c2014
300 _a3.3.28
650 _aCAT
856 _uCompetitive Exam
999 _c221
_d221